| 000 | 00719nam a2200253Ia 4500 | ||
|---|---|---|---|
| 003 | OSt | ||
| 005 | 20220918221449.0 | ||
| 006 | a|||||r|||| 00| 0 | ||
| 007 | ta | ||
| 008 | 220917b |||||||| |||| 00| 0 eng d | ||
| 024 | _a176,594 | ||
| 037 |
_b1622, 28/03/2001, Efficient _cTextual |
||
| 040 |
_aARTS _cARTS _beng |
||
| 041 |
_2eng _aeng |
||
| 082 | _aV682.N, P1 | ||
| 100 |
_aPankhurst Richard _9124195 |
||
| 245 | 0 | _aEthiopians history | |
| 260 |
_aLondon _bBlackwell Publishers UK _c2001 |
||
| 300 |
_axx,299p. _ccm. |
||
| 490 | _aThe peoples of Africa | ||
| 650 | _aHISTORY | ||
| 942 |
_hV682.N, P1 _cTEXL _2CC |
||
| 999 |
_c272615 _d272615 |
||